| 000 | 00505ntaaa2200193 4500 | ||
|---|---|---|---|
| 003 | 01 | ||
| 005 | 20251027201537.0 | ||
| 008 | 0714s1973 ag 01 | ||
| 040 |
_aAR-BaBN _bspa _cAR-BaBN _eaacr _dRIC |
||
| 082 | _a227.8700 G83 | ||
| 100 |
_aGreene, Wilda _914092 |
||
| 245 | _aThe Disturbing Christ | ||
| 250 | _a1 ed. | ||
| 260 |
_aNashville : _bBroadman Press, _cc1968 |
||
| 300 | _a127 p. | ||
| 500 | _a(estudio del libro de Hebreos) | ||
| 650 |
_aBiblia-Nuevo Testamento-Hebreos _94445 |
||
| 942 | _cBK | ||
| 999 |
_c10053 _d10053 |
||